000 00468nam a22001697a 4500
003 NUST - PNEC
005 20170116180801.0
008 150414b xxu||||| |||| 00| 0 eng d
040 _cLIBRARY
082 _a297.63 ABD
100 _92532
_aAbdul Hai
245 _a Uswa e Rasool Akram S.A.W. 1-4
_cDr. Mohammad Abdul Hai
260 _aRawalpindi:
_bTaj Company,
300 _a573 p. :
_c22 cm.
650 _92534
_aIslam, Seerat tun Nabvi
_xGeneral
942 _2ddc
_cBK
999 _c62965
_d62965